LEADER 01016nam a2200241 i 4500 001 000000142349 003 CaOOAMICUS 005 20101018000000.0 008 101018s1973 it u000 u ita u 013 $a117657 040 $aSeMil$bita 100 1 $aHagen, Victor Wolfgang : von.$0(OLS)http://semarc/name/23383 240 10$aHighway of the sun.$0(OLS)http://semarc/title/208179 245 13$aLa Grande Strada del Sole :$balla ricerca delle Strade Reali degli Incas /$cVictor W. von Hagen. 260 $aTorino :$bEinaudi,$c1973. 300 $a274 p., [1] c. di tav. :$bill. ;$c20 cm. 490 0 $aGli struzzi ;$v40 830 4$aGli struzzi ;$v40.$0(OLS)http://semarc/title/6903 850 $aSeMil 852 $aSeMil$W1$xVenegono$y1$m1T II 124$j239529$B95523$CSeMilBibl$Z2$F156431 $81 961 $aOmaggio: Altro 996 $6245$aLa Grande Strada del Sole :$balla ricerca delle Strade Reali degli Incas$9(OLS)http://semarc/title/208178 996 $6260$aTorino :$bEinaudi$9(OLS)http://semarc/publisher/29884 LEADER 01707nam a2200277 i 4500 001 000000065809 003 CaOOAMICUS 005 20131128000000.0 008 131128s1974 xx u000 u lat u 013 $a36981 020 $a3-506-79424-8 040 $aSeMil$bita 100 1 $aHeinzmann, Richard.$0(OLS)http://semarc/name/9941 245 14$aDie Summe "Colligite fragmenta" des Magister Hubertus (Clm 28799) :$bein Beitrag zur theologischen Systembildung in der Scholastik /$cRichard Heinzmann. 260 $aMünchen ; Paderborn ; Wien :$bFerdinand Schöningh,$c1974. 300 $aXVIII, 268 p. ;$c24 cm. 490 0 $aVeröffentlichungen des Grabmann-Institutes zur Erforschung der mittelalterlichen Theologie und Philosophie. Neue Folge ;$v24 490 0 $aMünchener Universitätsschriften : Philosophische Fakultät Altertumskunde und Kulturwissenschaften 650 4$aScolastica.$0(OLS)http://semarc/subject/210 830 0$aVeröffentlichungen des Grabmann-Institutes zur Erforschung der mittelalterlichen Theologie und Philosophie. Neue Folge ;$v24.$0(OLS)http://semarc/title/192 830 0$aMünchener Universitätsschriften : Philosophische Fakultät Altertumskunde und Kulturwissenschaften.$0(OLS)http://semarc/title/11289 850 $aSeMil 852 $aSeMil$W1$xVenegono$y1$m2N I 274$j31962$B31962$CSeMilBibl$Z2$F31965 $81 996 $6020$a3-506-79424-8$9(OLS)http://semarc/number/43250 996 $6245$aDie Summe "Colligite fragmenta" des Magister Hubertus (Clm 28799) :$bein Beitrag zur theologischen Systembildung in der Scholastik$9(OLS)http://semarc/title/104525 996 $6260$aMünchen ; Paderborn ; Wien :$bFerdinand Schöningh$9(OLS)http://semarc/publisher/34975